000 00318nam a22001337a 4500
005 20160308062715.0
008 110923s2012 nyua 001 0 eng
020 _a9780071767958
020 _a0071767959
041 0 _aeng
080 _a004
245 1 0 _aMicrosoft Office 2010 demystified /
_cKarin Rex.
942 _2udc
_cBK
999 _c583
_d583